000 00535nam a2200205Ia 4500
005 20250923144601.0
008 008 250917s9999 xx 000 0 eng d
037 _aTextual
040 _aDSWL
_beng
_cDSWL
041 _aeng
_2eng
084 _qDSWL
100 _aTownsend, Peter
_9826336
245 0 _aFamily life of old people
_cby PeterTownsend.
260 _aLondon
_b Routledge & Kkgan Pal
_c1957
300 _a284p.
365 _aINR
_b30
925 _g30
942 _cTEXL
999 _c1440815
_d1440815